[Event "SVK-chT1W 1819"]
[Site "Slovakia"]
[Date "2018.11.24"]
[Round "3.8"]
[White "Hrstka, Samuel"]
[Black "Micek, Jaroslav"]
[Result "0-1"]
[WhiteElo "1918"]
[BlackElo "2074"]
[PlyCount "60"]
[EventDate "2018.10.27"]
[EventType "team-tourn"]
[EventRounds "11"]
[EventCountry "SVK"]
[SourceTitle "CBM 187 Extra"]
[Source "ChessBase"]
[SourceDate "2018.11.04"]
[SourceVersion "1"]
[SourceVersionDate "2018.11.04"]
[SourceQuality "1"]
[WhiteTeam "Nitra ASK"]
[BlackTeam "Bratislava Lokomotiva"]
[WhiteTeamCountry "SVK"]
[BlackTeamCountry "SVK"]

1. e4 d6 2. d4 Nf6 3. Nc3 c6 4. f4 Qa5 5. Bd3 e5 6. Nf3 exd4 7. Nxd4 Qb6 8. Be2 Be7 9. Rb1 0-0 10. Be3 Qa5 11. 0-0 Na6 12. Nb3 Qc7 13. a4 b6 14. Bd4 Nc5 15. e5 Nfd7 16. Nxc5 Nxc5 17. Bf3 Bf5 18. Qe2 Ne6 19. Be3 dxe5 20. g4 Nd4 21. Bxd4 exd4 22. Na2 Be6 23. Nc1 Bc5 24. Nd3 Bc4 25. Qd2 Rae8 26. Rbe1 Re3 27. b3 Bxd3 28. cxd3 Qxf4 29. b4 Bd6 30. Bxc6 Rg3+ 0-1

[Event "SVK-chT1W 1617"]
[Site "Slovakia"]
[Date "2017.03.18"]
[Round "10.8"]
[White "Orgon, Dusan"]
[Black "Hrstka, Samuel"]
[Result "0-1"]
[WhiteElo "2074"]
[BlackElo "1936"]
[PlyCount "58"]
[EventDate "2016.10.15"]
[EventType "team-tourn"]
[EventRounds "11"]
[EventCountry "SVK"]
[SourceTitle "EXT 2019"]
[Source "ChessBase"]
[SourceDate "2018.10.10"]
[SourceVersion "1"]
[SourceVersionDate "2018.10.10"]
[SourceQuality "1"]
[WhiteTeam "Dubnica nad Vahom II"]
[BlackTeam "Nitra ASK"]
[WhiteTeamCountry "SVK"]
[BlackTeamCountry "SVK"]

1. d4 d5 2. Nf3 Nf6 3. e3 e6 4. Bd3 Be7 5. Nbd2 Nbd7 6. 0-0 0-0 7. b3 b6 8. Bb2 Bb7 9. c4 Rc8 10. Rc1 c5 11. Qe2 Re8 12. Ne5 cxd4 13. exd4 Nxe5 14. dxe5 dxc4 15. bxc4 Nd7 16. Rfd1 Nc5 17. Ne4 Nxe4 18. Bxe4 Qc7 19. Rd3 Bxe4 20. Qxe4 Red8 21. Rh3 h6 22. Rd3 Rxd3 23. Qxd3 Rd8 24. Qe2 Qd7 25. Bc3 Qa4 26. g3 Rc8 27. Bd2 Qxa2 28. Rc3 Rd8 29. Rd3 Qb1+ 0-1

[Event "SVK-chT1W 1516"]
[Site "Slovakia"]
[Date "2016.02.21"]
[Round "9.8"]
[White "Hrstka, Samuel"]
[Black "Puchart, Vladimir"]
[Result "1-0"]
[WhiteElo "1906"]
[BlackElo "2032"]
[PlyCount "53"]
[EventDate "2015.10.24"]
[EventType "team-tourn"]
[EventRounds "11"]
[EventCountry "SVK"]
[SourceTitle "EXT 2017"]
[Source "ChessBase"]
[SourceDate "2016.10.25"]
[SourceVersion "1"]
[SourceVersionDate "2016.10.25"]
[SourceQuality "1"]
[WhiteTeam "Nitra Trogar"]
[BlackTeam "Trnava Lokomotiva"]
[WhiteTeamCountry "SVK"]
[BlackTeamCountry "SVK"]

1. e4 c5 2. Nf3 d6 3. d4 cxd4 4. Nxd4 Nf6 5. Nc3 a6 6. Be3 e5 7. Nb3 Be7 8. f3 Be6 9. Qd2 Nbd7 10. 0-0-0 Rc8 11. Kb1 0-0 12. g4 Nb6 13. h4 Nfd7 14. g5 Nc4 15. Bxc4 Bxc4 16. h5 b5 17. Rdg1 a5 18. g6 b4 19. Nd5 a4 20. Bh6 axb3 21. gxh7+ Kxh7 22. Bxg7 bxc2+ 23. Kc1 Bg5 24. Rxg5 Nc5 25. Nf6+ Qxf6 26. Bxf6 Bxa2 27. Rg7+ 1-0

[Event "SVK-chT1W 1516"]
[Site "Slovakia"]
[Date "2015.11.14"]
[Round "3.8"]
[White "Hrstka, Samuel"]
[Black "Michalek, Matej"]
[Result "1/2-1/2"]
[WhiteElo "1849"]
[BlackElo "1939"]
[PlyCount "29"]
[EventDate "2015.10.24"]
[EventType "team-tourn"]
[EventRounds "11"]
[EventCountry "SVK"]
[SourceTitle "CBM 170 Extra"]
[Source "ChessBase"]
[SourceDate "2016.02.25"]
[SourceVersion "1"]
[SourceVersionDate "2016.02.25"]
[SourceQuality "1"]
[WhiteTeam "Nitra Trogar"]
[BlackTeam "Povazska Bystrica"]
[WhiteTeamCountry "SVK"]
[BlackTeamCountry "SVK"]

1. e4 e6 2. d4 d5 3. Nd2 Nf6 4. e5 Nfd7 5. Bd3 c5 6. c3 Nc6 7. Ne2 Qb6 8. Nf3 cxd4 9. cxd4 Be7 10. 0-0 0-0 11. Nf4 Re8 12. Bb1 Nf8 13. Qd3 Bd7 14. Rd1 Na5 15. Nh5 1/2-1/2

[Event "Liptovsky Mikulas CupT U20"]
[Site "Liptovsky Mikulas"]
[Date "2012.06.24"]
[Round "5.1"]
[White "Golda, Sebastian"]
[Black "Hrstka, Samuel"]
[Result "1-0"]
[WhiteElo "1475"]
[BlackElo "1808"]
[PlyCount "85"]
[EventDate "2012.06.22"]
[EventType "team-swiss"]
[EventRounds "9"]
[EventCountry "SVK"]
[SourceTitle "CBM 149 Extra"]
[Source "ChessBase"]
[SourceDate "2012.08.24"]
[SourceVersion "1"]
[SourceVersionDate "2012.08.24"]
[SourceQuality "1"]
[WhiteTeam "V4 International"]
[BlackTeam "Nitra ASK"]
[WhiteTeamCountry "SVK"]
[BlackTeamCountry "SVK"]

1. d4 d5 2. c4 c6 3. Bf4 Nf6 4. Nc3 e6 5. e3 Nbd7 6. Nf3 Be7 7. Bd3 dxc4 8. Bxc4 b5 9. Bd3 Bb7 10. 0-0 a6 11. Nd2 c5 12. Nde4 cxd4 13. exd4 Nxe4 14. Bxe4 Bxe4 15. Nxe4 Nf6 16. Nxf6+ Bxf6 17. Be5 0-0 18. Rc1 Ra7 19. Rc6 Rd7 20. Qb3 Bxe5 21. dxe5 Rd3 22. Qc2 a5 23. h3 b4 24. Rc1 Rd2 25. Qc5 h6 26. Rd6 Qg5 27. Rxd2 Qxd2 28. Rc2 Qd1+ 29. Kh2 Rd8 30. Qxa5 Rd5 31. Rc8+ Kh7 32. Qxb4 Rxe5 33. Rh8+ Kg6 34. Qg4+ Qxg4 35. hxg4 Re2 36. Rb8 Rxf2 37. a4 e5 38. a5 Rf6 39. Rb6 e4 40. Rxf6+ Kxf6 41. a6 e3 42. Kg3 e2 43. Kf2 1-0

[Event "Liptovsky Mikulas CupT U20"]
[Site "Liptovsky Mikulas"]
[Date "2012.06.24"]
[Round "4.1"]
[White "Repka, Christopher"]
[Black "Hrstka, Samuel"]
[Result "1-0"]
[WhiteElo "2206"]
[BlackElo "1808"]
[PlyCount "67"]
[EventDate "2012.06.22"]
[EventType "team-swiss"]
[EventRounds "9"]
[EventCountry "SVK"]
[SourceTitle "CBM 149 Extra"]
[Source "ChessBase"]
[SourceDate "2012.08.24"]
[SourceVersion "1"]
[SourceVersionDate "2012.08.24"]
[SourceQuality "1"]
[WhiteTeam "Stara Lubovna"]
[BlackTeam "Nitra ASK"]
[WhiteTeamCountry "SVK"]
[BlackTeamCountry "SVK"]

1. Nf3 d5 2. d4 Nf6 3. Bf4 Bf5 4. e3 e6 5. Bd3 Bxd3 6. cxd3 Bd6 7. Ne5 0-0 8. 0-0 c5 9. Qb3 Qc7 10. Nc3 a6 11. Na4 Nh5 12. dxc5 Bxe5 13. Bxe5 Qxe5 14. Qxb7 Nd7 15. Qxd7 Nf6 16. Qd6 Qxd6 17. cxd6 Rfd8 18. Rfc1 Rxd6 19. d4 Rdd8 20. Rc2 Ne4 21. Rac1 Nd6 22. Kf1 Kf8 23. Ke2 Rab8 24. Rc6 a5 25. R1c5 Rb4 26. Rxa5 Nc4 27. Ra7 Nxb2 28. Nxb2 Rxb2+ 29. Kf3 g6 30. Rcc7 Kg8 31. Rxf7 Rxa2 32. Rg7+ Kf8 33. Raf7+ Ke8 34. Rxh7 1-0

[Event "SVK-ch U16"]
[Site "Sliac"]
[Date "2011.04.02"]
[Round "4"]
[White "Hrstka, Samuel"]
[Black "Kanos, Peter"]
[Result "1/2-1/2"]
[WhiteElo "1730"]
[BlackElo "1726"]
[PlyCount "40"]
[EventDate "2011.03.31"]
[EventType "swiss"]
[EventRounds "9"]
[EventCountry "SVK"]
[SourceTitle "CBM 141 Extra"]
[Source "ChessBase"]
[SourceDate "2011.05.03"]
[SourceVersion "1"]
[SourceVersionDate "2011.05.03"]
[SourceQuality "1"]

1. e4 e5 2. Nf3 Nc6 3. Bc4 Bc5 4. d3 Nge7 5. Ng5 d5 6. exd5 Na5 7. d6 Nxc4 8. dxe7 Bxe7 9. Nxf7 Kxf7 10. Qf3+ Bf6 11. dxc4 Be6 12. Qxb7 Bxc4 13. Nc3 Qd7 14. Bd2 Be6 15. 0-0-0 Rhb8 16. Qf3 Bg4 17. Qe4 Bxd1 18. Rxd1 Kg8 19. Be3 Qe6 20. Nd5 Rd8 1/2-1/2

[Event "SVK-chT2B 10/11"]
[Site "Slovakia"]
[Date "2011.02.06"]
[Round "7.5"]
[White "Hrstka, Samuel"]
[Black "Svonavec, Stefan"]
[Result "0-1"]
[WhiteElo "1730"]
[BlackElo "2021"]
[PlyCount "98"]
[EventDate "2010.10.23"]
[EventType "team-tourn"]
[EventRounds "11"]
[EventCountry "SVK"]
[SourceTitle "EXT 2019"]
[Source "ChessBase"]
[SourceDate "2018.10.10"]
[SourceVersion "1"]
[SourceVersionDate "2018.10.10"]
[SourceQuality "1"]
[WhiteTeam "Nitra NSK II"]
[BlackTeam "Levice"]
[WhiteTeamCountry "SVK"]
[BlackTeamCountry "SLO"]

1. e4 c5 2. Nf3 d6 3. Nc3 Nc6 4. Bc4 e6 5. d3 g6 6. 0-0 Bg7 7. Qe1 a6 8. a3 b5 9. Ba2 Nge7 10. Be3 Nd4 11. Bxd4 cxd4 12. Ne2 Qb6 13. Qb4 a5 14. Qb3 0-0 15. c3 a4 16. Qb4 Nc6 17. Qxd6 e5 18. cxd4 Rd8 19. Qc5 Qxc5 20. dxc5 Bg4 21. Bd5 Rac8 22. Rac1 Bf8 23. Bxc6 Bxf3 24. gxf3 Rxc6 25. Rc3 Rxc5 26. Rd1 Kg7 27. Rxc5 Bxc5 28. f4 exf4 29. Nxf4 Bd4 30. Rd2 Rc8 31. Ne2 Bf6 32. f4 g5 33. e5 Bd8 34. f5 Ba5 35. b4 axb3 36. Rb2 Rc2 37. Rxb3 Rxe2 38. Rxb5 Bc3 39. e6 fxe6 40. fxe6 Kf6 41. Rb7 h5 42. Rb3 Be5 43. h3 Kxe6 44. a4 Ra2 45. Rb4 h4 46. Re4 Kf5 47. Rb4 Rd2 48. Rb3 Bd4+ 49. Kf1 Kf4 0-1

[Event "SVK-ch U12"]
[Site "Liptovsky Mikulas"]
[Date "2007.04.22"]
[Round "1"]
[White "Hrstka, Samuel"]
[Black "Holestiak, Pavol"]
[Result "0-1"]
[WhiteElo "1366"]
[BlackElo "1622"]
[PlyCount "120"]
[EventDate "2007.04.22"]
[EventType "swiss"]
[EventRounds "9"]
[EventCountry "SVK"]
[SourceTitle "EXT 2008"]
[Source "ChessBase"]
[SourceDate "2007.11.25"]
[SourceVersion "1"]
[SourceVersionDate "2007.11.25"]
[SourceQuality "1"]

1. e4 d6 2. h3 c6 3. Nf3 e5 4. Bc4 Be7 5. d3 Nf6 6. Bg5 0-0 7. 0-0 Nbd7 8. Nc3 Qc7 9. Ne2 h6 10. Be3 b5 11. Bb3 Bb7 12. Ng3 Rfe8 13. Qd2 Bf8 14. Nf5 a5 15. a3 Rad8 16. N3h4 d5 17. exd5 cxd5 18. d4 exd4 19. Bxd4 Re4 20. f3 Re6 21. Ne3 a4 22. Ba2 Bc5 23. Bxc5 Qxc5 24. Rfe1 Ne5 25. Kf1 Nc4 26. Bxc4 bxc4 27. c3 Ba6 28. Kg1 Rde8 29. Nhf5 h5 30. Kh1 g6 31. Nd4 R6e7 32. Nec2 Qd6 33. Rxe7 Rxe7 34. Nb4 Nd7 35. Ndc6 Re6 36. Nxa6 Qxc6 37. Nb4 Qd6 38. Qxd5 Qxd5 39. Nxd5 Re2 40. Rb1 Kg7 41. Kg1 g5 42. g3 f5 43. f4 g4 44. hxg4 hxg4 45. Kf1 Rc2 46. Ne3 Rd2 47. Nxc4 Rd3 48. Kf2 Nc5 49. Nb6 Ne4+ 50. Ke2 Rxg3 51. Nxa4 Rf3 52. Rf1 Ng3+ 53. Kd2 Nxf1+ 54. Kc2 Rxf4 55. b4 g3 56. Kb3 g2 57. b5 g1Q 58. c4 Nd2+ 59. Kb4 Rxc4+ 60. Ka5 Qa7# 0-1